000 00279nam a22001217a 4500
999 _c155228
_d155228
082 _a
_b
100 _aBiyatrics Alexis
245 _aAgnisakshi muthal atayalangal vare/
_cby Biyatrics Alexis.
260 _a
_bRachana,
_c2007.
300 _a223p.
650 _a
942 _cBK